Western USA : lonely planet.
| Format: | Book |
|---|---|
| Published: |
Victoria:
Lonely Planet Publications,
2012.
|
| Subjects: |
| LEADER | 00468cam a2200145 7i4500 | ||
|---|---|---|---|
| 001 | 0000028240 | ||
| 005 | 20130306090000.0 | ||
| 020 | 0 | 0 | |a 9781742205915 |
| 090 | 0 | 0 | |a USA 910.202 |b WES |
| 245 | 0 | 0 | |a Western USA : |b lonely planet. |
| 260 | 0 | 0 | |a Victoria: |b Lonely Planet Publications, |c 2012. |
| 300 | # | # | |a 477 p. |
| 650 | 0 | 0 | |a United States of America, Western -- |x Guidebooks |
| 651 | 0 | 0 | |a United States of America, Western |
| 999 | |a B000031630 |b Book |c Countries |e Business Information Centre | ||


